Etnia y lucha de clases en Guatemala: aspectos

সংরক্ষণ করুন:
গ্রন্থ-পঞ্জীর বিবরন
প্রধান লেখক: Reyes, Miguel Angel
বিন্যাস: পাঠ‍্য
প্রকাশিত: Managua :
ট্যাগগুলো: ট্যাগ যুক্ত করুন
কোনো ট্যাগ নেই, প্রথমজন হিসাবে ট্যাগ করুন!

MARC

LEADER 00000 a a2200000 04500
001 14202
003
040
090 |a 027200  
100 |a Reyes, Miguel Angel  
245 |a Etnia y lucha de clases en Guatemala: aspectos  
260 |a Managua :  
300 |a 43 p.  
999 |c 15561  |d 15561